00471nam a2200193 a 4500001001300000003000900013005001700022008004100039020002300080082001500103100001600118245002000134260004200154300000900196500003500205505001000240650001100250700001600261nice12345678IN_TiNIC20260116012728.0050524s1988 cana grp 000 0 eng  a0888734 c10000a224.1bHAR aHarlow, R E aProphet Isaiah. aCanadabEvery Day Publications c1988 a304p aincludes index and biblioraphy2 aIndex aIsaiah1 aHarlow, R E